书目信息 |
| 题名: |
中国教育改革30年
|
|
| 作者: | 庞丽娟 主编 | |
| 分册: | 学前教育卷 | |
| 出版信息: | 北京 北京师范大学出版社 2009 |
|
| 页数: | 269页 | |
| 开本: | 23cm | |
| 丛书名: | ||
| 单 册: | ||
| 中图分类: | G521 , G619.21 | |
| 科图分类: | ||
| 主题词: | 教育改革--研究--中国 , 学前教育--教育改革--研究--中国 , 教育改革 , 学前教育 | |
| 电子资源: | ||
| ISBN: | 978-7-303-09592-6 | |
| 000 | 01146nam0 2200301 45 | |
| 001 | 1029871035 | |
| 005 | 20100428155359.46 | |
| 010 | @a978-7-303-09592-6@dCNY36.00 | |
| 100 | @a20100420d2009 em y0chiy50 ea | |
| 101 | 0 | @achi |
| 102 | @aCN@b110000 | |
| 105 | @ay z 000yy | |
| 106 | @ar | |
| 200 | 1 | @a中国教育改革30年@AZhong Guo Jiao Yu Gai Ge 30 Nian@i学前教育卷@IXue Qian Jiao Yu Juan@f庞丽娟主编@FPang Li Juan Zhu Bian |
| 210 | @a北京@c北京师范大学出版社@d2009 | |
| 215 | @a269页@d23cm | |
| 300 | @a北京师范大学社会科学处资助项目 | |
| 330 | @a本书围绕着改革开放30年来我国学前教育事业发展与政策、学前教育事业发展中政府职能转变、学前教育财政改革、学前教育理论的发展与观念的转变、幼儿园课程改革与游戏的发展、幼儿教师队伍建设与专业发展、民办学前教育的发展等问题进行较为深入、系统的探讨。 | |
| 517 | 1 | @a学前教育卷@AXue Qian Jiao Yu Juan |
| 606 | 0 | @a教育改革@x研究@y中国 |
| 606 | 0 | @a学前教育@x教育改革@x研究@y中国 |
| 606 | 0 | @a教育改革 |
| 606 | 0 | @a学前教育 |
| 690 | @aG521@v4 | |
| 690 | @aG619.21@v4 | |
| 701 | 0 | @a庞丽娟@APang Li Juan@4主编 |
| 801 | 0 | @aCN@bTANGWEI@c20100428 |
| 905 | @b0593467-71@dG521@e143:1@f5 | |
| 中国教育改革30年.学前教育卷/庞丽娟主编.-北京:北京师范大学出版社,2009 |
| 269页;23cm |
| 北京师范大学社会科学处资助项目 |
| ISBN 978-7-303-09592-6:CNY36.00 |
| 本书围绕着改革开放30年来我国学前教育事业发展与政策、学前教育事业发展中政府职能转变、学前教育财政改革、学前教育理论的发展与观念的转变、幼儿园课程改革与游戏的发展、幼儿教师队伍建设与专业发展、民办学前教育的发展等问题进行较为深入、系统的探讨。 |
| ● |
| 相关链接 |
|
|
|
|
正题名:中国教育改革30年
索取号:G521/143:1
 
预约/预借
| 序号 | 登录号 | 条形码 | 馆藏地/架位号 | 状态 | 备注 |
| 1 | 0593467 | 205934676 | 第一样本阅览室/ [索取号:G521/143:1] | 在馆 | |
| 2 | 0593468 | 205934685 | 第四借阅区/ [索取号:G521/143:1] | 在馆 | |
| 3 | 0593469 | 205934694 | 第四借阅区/ [索取号:G521/143:1] | 在馆 | |
| 4 | 0593470 | 205934701 | 教育系资料室/ [索取号:G521/143:1] | 在馆 | |
| 5 | 0593471 | 205934710 | 第四借阅区/ [索取号:G521/143:1] | 在馆 |